000 00840nam a2200253 a 4500
001 000046275
005 20201002052744.0
008 150714s2002 quc 000 0 spa d
020 _a9993403121
040 _aDO-SdBNP
_bspa
_cBNPHU
041 1 7 _aspa
_2eng
082 _axxxx
_bxxxx
100 1 _aKerman, Judith
_974295
245 1 0 _aPlane surfaces = Plano de incidencia :
_bselected poems (1969-2002) /
_cJudith Kerman ; traducido por Johnny Durán.
246 1 0 _aPlano de incidencia
250 _aEd. bilingüe
260 _aMontreal, Quebec :
_bCCLEH,
_c2002.
300 _a138 p. ;
_c21 cm.
490 1 _aCotidianas de estival
546 _aTexto en inglés y español
500 _aIncluye datos biográficos de la autora en la solapa
700 1 2 _aDurán, Johnny,
_d1957-
_etr.
_974296
830 0 _aCotidianas de estival
_924279
999 _c45764
_d45764